000 004470000a22001690004500
003 MACL
005 20160105171749.0
008 160105b xxu||||| |||| 00| 0 eng d
040 _aMACL
_cMACL
041 _aEnglish
082 _a824/MAS
100 _aMasson, David
_927881
245 _aThe collected Writings of Thomas De Quincey
260 _bAdam and Charles Black
_c1890
_aEdinburgh
650 _aEnglish Essay
_98946
942 _cBK
_k824
_2ddc
999 _c36952
_d36952